ARRUPE JESUIT UNIVERSITY

CORONAVIRUS -STOP THE SPREAD - CLEAN,DISINFECT,COVER

Jean Baudrillard selected wriings, (Record no. 131664)

MARC details
000 -LEADER
fixed length control field 00486nam a22001577a 4500
008 - FIXED-LENGTH DATA ELEMENTS--GENERAL INFORMATION
fixed length control field 230313b |||||||| |||| 00| 0 eng d
020 ## - INTERNATIONAL STANDARD BOOK NUMBER
International Standard Book Number 0745605877.
050 ## - LIBRARY OF CONGRESS CALL NUMBER
Classification number CB430.B33 1988
100 ## - MAIN ENTRY--PERSONAL NAME
Personal name Poster,Mark
9 (RLIN) 52221
245 ## - TITLE STATEMENT
Title Jean Baudrillard selected wriings,
Statement of responsibility, etc Mark Poster.
260 ## - PUBLICATION, DISTRIBUTION, ETC. (IMPRINT)
Place of publication, distribution, etc United Kingdom;
Name of publisher, distributor, etc Polity Press,
Date of publication, distribution, etc 1988.
300 ## - PHYSICAL DESCRIPTION
Extent vii,
Other physical details 230p;
Dimensions 23cm.
650 ## - SUBJECT ADDED ENTRY--TOPICAL TERM
Topical term or geographic name as entry element Civilization,modern
Chronological subdivision 20th century,
9 (RLIN) 13460
650 ## - SUBJECT ADDED ENTRY--TOPICAL TERM
Topical term or geographic name as entry element Post modernism.
9 (RLIN) 52222
942 ## - ADDED ENTRY ELEMENTS (KOHA)
Source of classification or shelving scheme Library of Congress Classification
Item type Monograph ( Printed materials)
Holdings
Withdrawn status Lost status Source of classification or shelving scheme Damaged status Not for loan Home library Current library Shelving location Date acquired Total Checkouts Full call number Barcode Date last seen Price effective from Koha item type
    Library of Congress Classification     ARRUPE LIBRARY ARRUPE LIBRARY Main Collection 13/03/2023   CB430.B33 1988 46600009243 13/03/2023 13/03/2023 Monograph ( Printed materials)

 

Arrupe Library. PO Box MP320 Mt Pleasant, Harare, Zimbabwe
263 242 745411|librarian@aju.ac.zw